CALCULATION OF MOUNTAIN VOLUME USING DRONE PPK TICHNOLOGY AND DGPS,ការគណនាមាឌភ្នំដោយប្រើប្រាស់បច្ចេកវិទ្យា DRONE PPK និងឧបករណ៍​ DGPS (Record no. 20502)

000 -LEADER
fixed length control field 00573nam a22001217a 4500
040 ## - CATALOGING SOURCE
Transcribing agency RUA
100 ## - MAIN ENTRY--AUTHOR NAME
Personal name LONG RAKSMEY,ឡុង រស្មី
245 ## - TITLE STATEMENT
Title CALCULATION OF MOUNTAIN VOLUME USING DRONE PPK TICHNOLOGY AND DGPS,ការគណនាមាឌភ្នំដោយប្រើប្រាស់បច្ចេកវិទ្យា DRONE PPK និងឧបករណ៍​ DGPS
260 ## - PUBLICATION, DISTRIBUTION, ETC. (IMPRINT)
Place of publication phnom penh
Name of publisher rua
Year of publication 2019
300 ## - PHYSICAL DESCRIPTION
Number of Pages x.49p.
Other physical details ill.
Dimensions 29cm.
856 ## - ELECTRONIC LOCATION AND ACCESS
Uniform Resource Identifier https://drive.google.com/file/d/1Bhf236FCxtNQE_QYpTQd9AgrO3redjqg/view?usp=share_link
942 ## - ADDED ENTRY ELEMENTS (KOHA)
Koha item type LMA
952 ## - LOCATION AND ITEM INFORMATION (KOHA)
Withdrawn status [LOCAL, KOHA] 0
952 ## - LOCATION AND ITEM INFORMATION (KOHA)
Withdrawn status [LOCAL, KOHA] 0
952 ## - LOCATION AND ITEM INFORMATION (KOHA)
Withdrawn status [LOCAL, KOHA] 0
952 ## - LOCATION AND ITEM INFORMATION (KOHA)
Withdrawn status [LOCAL, KOHA] 0
952 ## - LOCATION AND ITEM INFORMATION (KOHA)
Withdrawn status [LOCAL, KOHA] 0
Holdings
Permanent Location Date acquired Koha item type Lost status Shelving location Barcode Current Location Full call number
Library Block B2022-09-14LMA B467A069000Library Block BLMA LON 2019 B467 Or.
Library Block B2022-09-14LMA B467A068944Library Block BLMA LON 2019 B467 Or.
Library Block B2022-09-14LMA B467A069058Library Block BLMA LON 2019 B467 Or.
Library Block B2022-09-14LMA B467A068884Library Block BLMA LON 2019 B467 Or.
Library Block B2022-09-14LMA B467A43288Library Block BLMA LON 2019 B467 Or.
មជ្ឈមណ្ឌលឯការនៃសាកលវិទ្យាល័យភូមិន្ទកសិកម្មចំការដូង

Powered by Koha